[Event "Landesliga Ost MVP 2013-14"]
[Site "?"]
[Date "2014.01.19"]
[Round "5.4"]
[White "Rosin, Ralf"]
[Black "Ilanz, Kazimierz"]
[Result "1/2-1/2"]
[WhiteElo "1696"]
[BlackElo "1602"]
[PlyCount "58"]
[EventType "team-tourn"]
[EventRounds "9"]
[EventCountry "GER"]
[WhiteTeam "SV Turbine Neubrandenburg"]
[BlackTeam "SC Seehotel Binz-Therme Rügen"]
[WhiteTeamCountry "GER"]
[BlackTeamCountry "GER"]

1. Nf3 d5 2. d4 Nf6 3. c4 e6 4. Nc3 c6 5. e3 Nbd7 6. Bd2 Be7 7. Rc1 O-O 8. cxd5
exd5 9. Bd3 Re8 10. O-O Nf8 11. Ne5 Bd6 12. f4 Qe7 13. Qf3 Bd7 14. Rce1 b5 15.
e4 Ne6 16. Nxd7 Qxd7 17. e5 Nxd4 18. Qd1 Bc5 19. exf6 Nf3+ 20. Kh1 Nxe1 21.
Bxe1 g6 22. f5 Rf8 23. Qd2 Kh8 24. Qh6 Rg8 25. fxg6 fxg6 26. f7 Rg7 27. Bxg6
Bf8 28. Bg3 Qe6 29. Qh5 Qxg6 1/2-1/2

[Event "Landesliga Ost MVP 2013-14"]
[Site "?"]
[Date "2014.01.19"]
[Round "5.5"]
[White "Koesterke, Klaus"]
[Black "Hollender, Dirk"]
[Result "0-1"]
[WhiteElo "1386"]
[BlackElo "1652"]
[PlyCount "78"]
[EventType "team-tourn"]
[EventRounds "9"]
[EventCountry "GER"]
[WhiteTeam "SC Seehotel Binz-Therme Rügen"]
[BlackTeam "SV Turbine Neubrandenburg"]
[WhiteTeamCountry "GER"]
[BlackTeamCountry "GER"]

1. e4 e5 2. Nf3 Nc6 3. d4 exd4 4. Nxd4 Bc5 5. Nxc6 Qf6 6. Qe2 dxc6 7. c3 Ne7 8.
g3 Ng6 9. Bg2 Bd7 10. Nd2 O-O-O 11. Nb3 Bb6 12. Be3 h5 13. h4 Bxe3 14. Qxe3 Kb8
15. O-O-O Ne5 16. f3 Be6 17. Kc2 Nc4 18. Qc1 Qg6 19. g4 hxg4 20. f4 f5 21. e5
Nxe5 22. Kb1 Nc4 23. Nd4 Bd5 24. Bxd5 cxd5 25. b3 Nd6 26. Qa3 Qf6 27. Qb4 g6
28. Nc6+ Ka8 29. Nxd8 Qxd8 30. Rxd5 Rxh4 31. Rxh4 Qxh4 32. Re5 a6 33. Kb2 Qh2+
34. Ka3 Nb5+ 35. Rxb5 axb5 36. Qf8+ Ka7 37. Qc5+ Ka6 38. Qxc7 Qd2 39. Kb4 Ka7
0-1

[Event "Landesliga Ost MVP 2013-14"]
[Site "?"]
[Date "2014.01.19"]
[Round "5.6"]
[White "Peters, Hans Joachim"]
[Black "Mueller, Wilfried"]
[Result "1/2-1/2"]
[WhiteElo "1701"]
[BlackElo "1361"]
[PlyCount "65"]
[EventType "team-tourn"]
[EventRounds "9"]
[EventCountry "GER"]
[WhiteTeam "SV Turbine Neubrandenburg"]
[BlackTeam "SC Seehotel Binz-Therme Rügen"]
[WhiteTeamCountry "GER"]
[BlackTeamCountry "GER"]

1. e4 e5 2. Nf3 Nc6 3. Bb5 d6 4. d4 Bd7 5. Nc3 exd4 6. Nxd4 Nxd4 7. Bxd7+ Qxd7
8. Qxd4 c5 9. Qd3 g6 10. O-O Bg7 11. Re1 O-O-O 12. Be3 Bxc3 13. Qxc3 Ne7 14.
Rad1 Qc6 15. a3 b6 16. Qf6 Qd7 17. Qxf7 Nc6 18. Qxd7+ Rxd7 19. Bf4 Kc7 20. Rd5
Rhd8 21. f3 Re8 22. Red1 Nd4 23. Rd2 Nc6 24. c3 Na5 25. b4 Nc4 26. Re2 Nxa3 27.
bxc5 bxc5 28. Rxc5+ Kb6 29. Rd5 Nc4 30. Rf2 Kc6 31. Ra2 a5 32. Rd4 Nb6 33. Rxa5
1/2-1/2

[Event "Landesliga Ost MVP 2013-14"]
[Site "?"]
[Date "2014.01.19"]
[Round "5.7"]
[White "Ritter, Wolfgang"]
[Black "Schubert, Jens"]
[Result "0-1"]
[WhiteElo "1482"]
[BlackElo "1582"]
[PlyCount "50"]
[EventType "team-tourn"]
[EventRounds "9"]
[EventCountry "GER"]
[WhiteTeam "SC Seehotel Binz-Therme Rügen"]
[BlackTeam "SV Turbine Neubrandenburg"]
[WhiteTeamCountry "GER"]
[BlackTeamCountry "GER"]

1. c4 e5 2. Nc3 Nf6 3. g3 Nc6 4. Bg2 Bb4 5. d3 O-O 6. Nf3 d6 7. O-O Bxc3 8.
bxc3 h6 9. Rb1 Rb8 10. Nd2 Bd7 11. Ne4 Nxe4 12. Bxe4 f5 13. Bd5+ Kh8 14. e3 Qf6
15. d4 e4 16. Bxc6 bxc6 17. Ba3 Qg6 18. Qa4 Rxb1 19. Rxb1 f4 20. exf4 Rxf4 21.
Rb8+ Kh7 22. Bc1 Rf7 23. Qd1 Bg4 24. Qf1 Qh5 25. a3 Bh3 0-1

[Event "Landesliga Ost MVP 2013-14"]
[Site "?"]
[Date "2014.01.19"]
[Round "5.8"]
[White "Hartung, Lothar"]
[Black "Mundt, Friedhelm"]
[Result "1-0"]
[WhiteElo "1798"]
[BlackElo "1181"]
[PlyCount "51"]
[EventType "team-tourn"]
[EventRounds "9"]
[EventCountry "GER"]
[WhiteTeam "SV Turbine Neubrandenburg"]
[BlackTeam "SC Seehotel Binz-Therme Rügen"]
[WhiteTeamCountry "GER"]
[BlackTeamCountry "GER"]

1. d4 d5 2. f4 Nf6 3. Nf3 e6 4. e3 Nc6 5. c3 Be7 6. Bd3 O-O 7. O-O Bd7 8. Nbd2
Ng4 9. Qe2 f5 10. a3 Nf6 11. c4 b6 12. Ne5 Qe8 13. b3 Bc8 14. h3 Bb7 15. cxd5
Nxd5 16. Bb2 Nxe5 17. dxe5 Qg6 18. Nf3 c5 19. Rad1 Rad8 20. Kh2 Qh5 21. Rg1 Rd7
22. g4 Qf7 23. gxf5 exf5 24. e6 Qxe6 25. Rxg7+ Kh8 26. Rxe7+ 1-0

[Event "Landesliga Ost MVP 2013-14"]
[Site "?"]
[Date "2014.02.23"]
[Round "6.2"]
[White "Schumacher, Albrecht"]
[Black "Dupke, Andreas"]
[Result "1-0"]
[WhiteElo "1925"]
[BlackElo "1802"]
[PlyCount "77"]
[EventType "team-tourn"]
[EventRounds "9"]
[EventCountry "GER"]
[WhiteTeam "ESV Waren"]
[BlackTeam "SV Turbine Neubrandenburg"]
[WhiteTeamCountry "GER"]
[BlackTeamCountry "GER"]

1. Nf3 Nf6 2. d4 g6 3. c4 Bg7 4. Nc3 O-O 5. e4 d6 6. Be2 e5 7. Be3 Nc6 8. d5
Ne7 9. Nd2 Nd7 10. O-O f5 11. f3 f4 12. Bf2 a5 13. a3 g5 14. Qc2 h5 15. b4 b6
16. Nb5 Rf6 17. c5 dxc5 18. bxc5 c6 19. dxc6 Nxc5 20. c7 Qe8 21. Bxc5 bxc5 22.
Qxc5 Rc6 23. Qf2 Rc2 24. Bd3 Rb2 25. Rab1 Rxb1 26. Nxb1 Qc6 27. N1c3 a4 28. Qd2
Be6 29. Rc1 Qb6+ 30. Qf2 Qa5 31. Qc5 Nc8 32. Bc4 Ra6 33. Rd1 Kh7 34. Rd8 Nd6
35. Rxd6 Rxd6 36. Qxd6 Bxc4 37. c8=Q Bxb5 38. Qf5+ Kg8 39. Qb8+ 1-0

[Event "Landesliga Ost MVP 2013-14"]
[Site "?"]
[Date "2014.02.23"]
[Round "6.3"]
[White "Voigt, Michael"]
[Black "Wittig, Harry"]
[Result "1/2-1/2"]
[WhiteElo "1720"]
[BlackElo "1867"]
[PlyCount "81"]
[EventType "team-tourn"]
[EventRounds "9"]
[EventCountry "GER"]
[WhiteTeam "SV Turbine Neubrandenburg"]
[BlackTeam "ESV Waren"]
[WhiteTeamCountry "GER"]
[BlackTeamCountry "GER"]

1. c4 c5 2. g3 Nc6 3. Bg2 g6 4. Nc3 Bg7 5. d3 d6 6. e4 Nf6 7. h3 O-O 8. Nge2
Bd7 9. O-O Qc8 10. Kh2 a6 11. Be3 Rb8 12. Rb1 b5 13. b3 Qc7 14. Qd2 Qa5 15.
Rfd1 Rfc8 16. Bg5 Qd8 17. Nd5 e6 18. Nxf6+ Bxf6 19. Bxf6 Qxf6 20. Qe3 Nd4 21.
Rf1 Nxe2 22. Qxe2 Qd4 23. Rbd1 Bc6 24. h4 Re8 25. Qd2 b4 26. Qh6 Rbd8 27. h5
Qg7 28. Qe3 Qd4 29. Qg5 Qe5 30. Qxe5 dxe5 31. hxg6 hxg6 32. f4 Rd4 33. Rfe1
exf4 34. gxf4 e5 35. fxe5 Rxe5 36. Re3 Kg7 37. Rde1 Rg5 38. Bf3 Rd8 39. Bg2 a5
40. R1e2 Rh8+ 41. Rh3 1/2-1/2

[Event "Landesliga Ost MVP 2013-14"]
[Site "?"]
[Date "2014.02.23"]
[Round "6.4"]
[White "Schreiner, Wolfgang"]
[Black "Rosin, Ralf"]
[Result "1/2-1/2"]
[WhiteElo "1789"]
[BlackElo "1696"]
[PlyCount "39"]
[EventType "team-tourn"]
[EventRounds "9"]
[EventCountry "GER"]
[WhiteTeam "ESV Waren"]
[BlackTeam "SV Turbine Neubrandenburg"]
[WhiteTeamCountry "GER"]
[BlackTeamCountry "GER"]

1. e4 e6 2. d3 d5 3. Nd2 c5 4. g3 Nc6 5. Bg2 h5 6. h4 Nf6 7. Ngf3 dxe4 8. dxe4
c4 9. Qe2 b5 10. c3 Bb7 11. b3 Qd3 12. Qxd3 cxd3 13. O-O Rd8 14. b4 Bd6 15. a3
Bc7 16. Bb2 Be5 17. Rac1 Ke7 18. Rfd1 Rd7 19. Ne1 Rhd8 20. Nef3 1/2-1/2

[Event "Landesliga Ost MVP 2013-14"]
[Site "?"]
[Date "2014.02.23"]
[Round "6.5"]
[White "Hollender, Dirk"]
[Black "Dohnow, Thomas"]
[Result "1-0"]
[WhiteElo "1652"]
[BlackElo "1726"]
[PlyCount "47"]
[EventType "team-tourn"]
[EventRounds "9"]
[EventCountry "GER"]
[WhiteTeam "SV Turbine Neubrandenburg"]
[BlackTeam "ESV Waren"]
[WhiteTeamCountry "GER"]
[BlackTeamCountry "GER"]

1. e4 c5 2. Nf3 a6 3. d3 Nc6 4. g3 g6 5. Bg2 Bg7 6. O-O d6 7. c3 Nf6 8. Nbd2
Bg4 9. h3 Bd7 10. Qe2 O-O 11. Re1 Qc8 12. Kh2 Ne8 13. Ng1 Nc7 14. f4 e6 15. Nc4
d5 16. Nb6 Qd8 17. Nxa8 Qxa8 18. Nf3 Qc8 19. e5 Ne7 20. Be3 b6 21. b4 Nb5 22.
Rac1 Nf5 23. Bf2 d4 24. cxd4 1-0

[Event "Landesliga Ost MVP 2013-14"]
[Site "?"]
[Date "2014.02.23"]
[Round "6.6"]
[White "Lotz, Robert"]
[Black "Peters, Hans Joachim"]
[Result "1-0"]
[WhiteElo "1736"]
[BlackElo "1701"]
[PlyCount "109"]
[EventType "team-tourn"]
[EventRounds "9"]
[EventCountry "GER"]
[WhiteTeam "ESV Waren"]
[BlackTeam "SV Turbine Neubrandenburg"]
[WhiteTeamCountry "GER"]
[BlackTeamCountry "GER"]

1. e4 e6 2. Nc3 d5 3. d4 Nc6 4. e5 f6 5. Bb5 a6 6. Bxc6+ bxc6 7. Nf3 c5 8. O-O
cxd4 9. Qxd4 f5 10. Na4 Qe7 11. Be3 Qb4 12. c3 Qb5 13. Nc5 Bxc5 14. Qxc5 Qxc5
15. Bxc5 Bd7 16. a4 Ne7 17. b4 Rb8 18. Bxe7 Kxe7 19. Nd4 Rhc8 20. Nb3 Rg8 21.
Nc5 Ra8 22. Rfd1 Bc6 23. Rd4 g5 24. Rad1 Bd7 25. g3 h5 26. h3 Raf8 27. Kh2 Ra8
28. f3 Bc6 29. h4 Be8 30. c4 c6 31. cxd5 cxd5 32. a5 Bb5 33. R1d2 g4 34. Kg2
gxf3+ 35. Kxf3 Rg7 36. Rd1 Rag8 37. Rg1 Rg4 38. Rf4 Rxf4+ 39. Kxf4 Rg4+ 40. Kf3
Rxb4 41. Rc1 Rc4 42. Rxc4 Bxc4 43. Ke3 Bb5 44. Kd4 Bd7 45. Nb7 Bc8 46. Nc5 Kd8
47. Nd3 Bd7 48. Nf4 Ke7 49. Nxh5 Kf7 50. Nf4 Bb5 51. Kc5 Bd7 52. Kd6 Bb5 53.
Nxe6 Bc4 54. Nd4 Kg6 55. e6 1-0

[Event "Landesliga Ost MVP 2013-14"]
[Site "?"]
[Date "2014.02.23"]
[Round "6.7"]
[White "Schubert, Jens"]
[Black "Mayerhoff, Lothar"]
[Result "1/2-1/2"]
[WhiteElo "1582"]
[BlackElo "1570"]
[PlyCount "36"]
[EventType "team-tourn"]
[EventRounds "9"]
[EventCountry "GER"]
[WhiteTeam "SV Turbine Neubrandenburg"]
[BlackTeam "ESV Waren"]
[WhiteTeamCountry "GER"]
[BlackTeamCountry "GER"]

1. e4 c5 2. c3 e5 3. d4 cxd4 4. cxd4 exd4 5. Qxd4 Nc6 6. Qd1 Nf6 7. Nc3 Bb4 8.
Bd2 O-O 9. Bd3 Re8 10. Nge2 Ne5 11. Bc2 Nc4 12. a3 Nxd2 13. Qxd2 Ba5 14. b4 Bb6
15. O-O a6 16. Kh1 Ng4 17. Nf4 Qh4 18. h3 Nxf2+ 1/2-1/2

[Event "Landesliga Ost MVP 2013-14"]
[Site "?"]
[Date "2014.02.23"]
[Round "6.8"]
[White "Wuttke, Reiner"]
[Black "Hartung, Lothar"]
[Result "0-1"]
[WhiteElo "1511"]
[BlackElo "1798"]
[PlyCount "132"]
[EventType "team-tourn"]
[EventRounds "9"]
[EventCountry "GER"]
[WhiteTeam "ESV Waren"]
[BlackTeam "SV Turbine Neubrandenburg"]
[WhiteTeamCountry "GER"]
[BlackTeamCountry "GER"]

1. e4 c5 2. Nf3 e6 3. d4 cxd4 4. Nxd4 a6 5. Nc3 Qc7 6. Nb3 b5 7. Be3 Bb7 8. Bd3
Nc6 9. O-O Nf6 10. f4 d6 11. f5 Ne5 12. Nd2 Be7 13. Qe2 Rc8 14. Rac1 Nc4 15.
Bxc4 bxc4 16. Kh1 O-O 17. Bd4 e5 18. Bg1 d5 19. exd5 Nxd5 20. Nxd5 Bxd5 21. c3
Qb7 22. Nf3 f6 23. Rcd1 Rfd8 24. Rd2 Bxf3 25. Rxf3 Rxd2 26. Qxd2 Rd8 27. Qc2
Qd5 28. Qe2 Bc5 29. Rf1 Bxg1 30. Kxg1 Qd3 31. Qe1 Kf7 32. Rf3 Qd1 33. Qxd1
Rxd1+ 34. Rf1 Rd3 35. Re1 g6 36. g4 gxf5 37. gxf5 Ke7 38. Re4 Rd1+ 39. Kf2 Rd2+
40. Re2 Rd5 41. b4 cxb3 42. axb3 Kd6 43. b4 Kc6 44. Re3 Rd2+ 45. Kg3 Kb5 46. h3
Kc4 47. Kh4 Rd3 48. Re2 Kxc3 49. Ra2 Rd6 50. Kh5 Kb3 51. Ra1 Kxb4 52. Kh6 a5
53. Kxh7 a4 54. Rb1+ Kc3 55. Rb7 a3 56. Rc7+ Kb2 57. Rb7+ Ka1 58. Kg7 a2 59.
Rb4 Rd2 60. Kxf6 Rb2 61. Ra4 Rb5 62. Kg6 Kb2 63. Ra6 a1=Q 64. Rxa1 Kxa1 65. f6
e4 66. f7 Rb8 0-1

[Event "Landesliga Ost MVP 2013-14"]
[Site "?"]
[Date "2014.02.23"]
[Round "6.1"]
[White "Patzenhauer, Max"]
[Black "Alder, Bodo"]
[Result "0-1"]
[WhiteElo "1858"]
[BlackElo "1915"]
[PlyCount "67"]
[EventType "team-tourn"]
[EventRounds "9"]
[EventCountry "GER"]
[WhiteTeam "SV Motor Wolgast 1949"]
[BlackTeam "SC Seehotel Binz-Therme Rügen"]
[WhiteTeamCountry "GER"]
[BlackTeamCountry "GER"]

1. d4 Nf6 2. Nf3 d5 3. c4 e6 4. Nc3 c6 5. e3 Nbd7 6. Bd3 dxc4 7. Bxc4 b5 8. Bd3
Bb7 9. e4 b4 10. Na4 Be7 11. Qc2 h6 12. Bd2 O-O 13. Rc1 Rc8 14. O-O c5 15. e5
Ng4 16. Be4 cxd4 17. Qb1 Rxc1 18. Rxc1 Qb8 19. Nxd4 Qxe5 20. Bxb7 Qxd4 21. Be1
Ndf6 22. b3 Rd8 23. Bf3 Qf4 24. h3 Qh2+ 25. Kf1 Ne5 26. Be4 Nh5 27. g3 Qxh3+
28. Bg2 Qg4 29. Nb2 g6 30. Qc2 Bf6 31. Nc4 Nd3 32. Ne3 Qd4 33. Rd1 Nxg3+ 34.
Kg1 {Zeitüberschreitung weiss} 0-1

[Event "Landesliga Ost MVP 2013-14"]
[Site "?"]
[Date "2014.02.23"]
[Round "6.2"]
[White "Riebort, Frank"]
[Black "Horch, Helmut"]
[Result "1/2-1/2"]
[WhiteElo "1932"]
[BlackElo "1697"]
[PlyCount "88"]
[EventType "team-tourn"]
[EventRounds "9"]
[EventCountry "GER"]
[WhiteTeam "SV Motor Wolgast 1949"]
[BlackTeam "SC Seehotel Binz-Therme Rügen"]
[WhiteTeamCountry "GER"]
[BlackTeamCountry "GER"]

1. d4 e6 2. c4 d5 3. Nc3 Nf6 4. Bg5 Be7 5. e3 O-O 6. Nf3 b6 7. Bd3 dxc4 8. Bxc4
Bb7 9. O-O Nbd7 10. Qe2 Ne4 11. Bxe7 Qxe7 12. Nxe4 Bxe4 13. Rac1 c5 14. Rfd1
Rad8 15. Bb5 Nf6 16. dxc5 Rxd1+ 17. Qxd1 Rd8 18. Qe2 bxc5 19. Nd2 Rb8 20. f3
Bd5 21. b3 e5 22. Bc4 Rd8 23. Rc2 Bb7 24. Nb1 g6 25. Rd2 Kf8 26. Nc3 Bc6 27.
Qd1 Rxd2 28. Qxd2 Qd7 29. Qxd7 Bxd7 30. Kf2 Ke7 31. Ke2 Bc6 32. Kd3 Nd7 33. Bb5
Kd6 34. a4 f5 35. a5 Nf6 36. Bxc6 Kxc6 37. Kc4 Ne8 38. e4 Nd6+ 39. Kd3 f4 40.
Nd5 g5 41. Nf6 h6 42. Ng8 Nf7 43. Kc4 Nd6+ 44. Kd3 Nf7 1/2-1/2

[Event "Landesliga Ost MVP 2013-14"]
[Site "?"]
[Date "2014.02.23"]
[Round "6.4"]
[White "Ilanz, Kazimierz"]
[Black "Zimmermann, Frank"]
[Result "0-1"]
[WhiteElo "1602"]
[BlackElo "1606"]
[PlyCount "77"]
[EventType "team-tourn"]
[EventRounds "9"]
[EventCountry "GER"]
[WhiteTeam "SC Seehotel Binz-Therme Rügen"]
[BlackTeam "SV Motor Wolgast 1949"]
[WhiteTeamCountry "GER"]
[BlackTeamCountry "GER"]

1. e4 e5 2. Nf3 Nc6 3. Bc4 Be7 4. Nc3 Nf6 5. O-O O-O 6. d4 d6 7. dxe5 dxe5 8.
Bg5 Bg4 9. Be2 h6 10. Be3 Bb4 11. h3 Bh5 12. Nd2 Bxe2 13. Qxe2 Bxc3 14. bxc3
Qe7 15. Qb5 Rfb8 16. Bc5 Qe6 17. f3 b6 18. Be3 Rd8 19. Rfd1 Rd7 20. Qe2 Rad8
21. Nb3 a5 22. a4 Rxd1+ 23. Rxd1 Rxd1+ 24. Qxd1 Qc4 25. Qd2 Kh7 26. g4 Qxa4 27.
g5 hxg5 28. Bxg5 Qc4 29. Qd3 Qe6 30. f4 a4 31. f5 Qe7 32. Nd2 Na5 33. Qb5 Qc5+
34. Qxc5 bxc5 35. Bxf6 gxf6 36. Nb1 Nc4 37. Kf2 a3 38. Nxa3 Nxa3 39. Ke2 0-1

[Event "Landesliga Ost MVP 2013-14"]
[Site "?"]
[Date "2014.02.23"]
[Round "6.5"]
[White "Schellner, Ulf"]
[Black "Koesterke, Klaus"]
[Result "1/2-1/2"]
[WhiteElo "1642"]
[BlackElo "1386"]
[PlyCount "99"]
[EventType "team-tourn"]
[EventRounds "9"]
[EventCountry "GER"]
[WhiteTeam "SV Motor Wolgast 1949"]
[BlackTeam "SC Seehotel Binz-Therme Rügen"]
[WhiteTeamCountry "GER"]
[BlackTeamCountry "GER"]

1. d4 e6 2. c4 Nf6 3. Nf3 h6 4. e3 b6 5. Bd3 Bb7 6. O-O Be7 7. Nc3 O-O 8. Re1
d5 9. b3 Bb4 10. Bb2 Ne4 11. Rc1 Qe7 12. Nd2 Nxd2 13. Qxd2 f5 14. Rc2 c6 15.
Qc1 Nd7 16. a3 Bd6 17. b4 Nf6 18. f3 Qf7 19. cxd5 Nxd5 20. Nxd5 exd5 21. e4
fxe4 22. fxe4 Qh5 23. e5 Be7 24. Qd1 Qh4 25. Re3 Bg5 26. Rh3 Qf4 27. Bc1 Qxd4+
28. Kh1 Qa1 29. Qe1 Bxc1 30. Rxc1 Qd4 31. Rd1 Qf2 32. Qc3 Rae8 33. Rg3 Re7 34.
h3 Kh8 35. Kh2 Qf7 36. Rf1 Qe8 37. Bg6 Qc8 38. Re1 c5 39. Bb1 c4 40. Qc2 g5 41.
Qg6 Qe6 42. Qh5 Rg7 43. Qd1 Rf4 44. Qd2 d4 45. Ba2 Bd5 46. Bb1 Rgf7 47. Qd1 Rf2
48. Qxd4 Rf1 49. Rxf1 Rxf1 50. Be4 1/2-1/2

[Event "Landesliga Ost MVP 2013-14"]
[Site "?"]
[Date "2014.02.23"]
[Round "6.6"]
[White "Mueller, Wilfried"]
[Black "Pochop, Bert"]
[Result "1/2-1/2"]
[WhiteElo "1361"]
[BlackElo "1797"]
[PlyCount "55"]
[EventType "team-tourn"]
[EventRounds "9"]
[EventCountry "GER"]
[WhiteTeam "SC Seehotel Binz-Therme Rügen"]
[BlackTeam "SV Motor Wolgast 1949"]
[WhiteTeamCountry "GER"]
[BlackTeamCountry "GER"]

1. c4 e6 2. Nc3 Nf6 3. e4 d6 4. Nf3 Be7 5. g3 c5 6. Bg2 Nc6 7. O-O O-O 8. d3 a6
9. b3 Rb8 10. Bb2 Nd7 11. Re1 Nde5 12. Ne2 Nxf3+ 13. Bxf3 Bf6 14. Bxf6 Qxf6 15.
Kg2 Nd4 16. Nxd4 Qxd4 17. Qd2 Bd7 18. Qe3 Qe5 19. Rad1 Bc6 20. d4 cxd4 21. Qxd4
Rfd8 22. Qxe5 dxe5 23. g4 g6 24. Re3 Rxd1 25. Bxd1 Rd8 26. Be2 f5 27. gxf5 gxf5
28. f3 1/2-1/2

[Event "Landesliga Ost MVP 2013-14"]
[Site "?"]
[Date "2014.02.23"]
[Round "6.7"]
[White "Reimer, Karl"]
[Black "Gorlt, Guenter"]
[Result "1/2-1/2"]
[WhiteElo "1619"]
[BlackElo "1409"]
[PlyCount "39"]
[EventType "team-tourn"]
[EventRounds "9"]
[EventCountry "GER"]
[WhiteTeam "SV Motor Wolgast 1949"]
[BlackTeam "SC Seehotel Binz-Therme Rügen"]
[WhiteTeamCountry "GER"]
[BlackTeamCountry "GER"]

1. c4 c5 2. Nc3 Nc6 3. g3 Nf6 4. Bg2 d6 5. Nf3 Bf5 6. d3 e5 7. O-O Be7 8. Nd5
O-O 9. Nxe7+ Qxe7 10. e4 Be6 11. a3 Rab8 12. b3 b5 13. Bd2 bxc4 14. bxc4 Rb7
15. Qc2 Rfb8 16. Rfb1 h6 17. Bc3 Bg4 18. Nd2 Be6 19. Rxb7 Rxb7 20. Rb1 1/2-1/2

[Event "Landesliga Ost MVP 2013-14"]
[Site "?"]
[Date "2014.02.23"]
[Round "6.8"]
[White "Moeser, Markus"]
[Black "Klotzsche, Stefan"]
[Result "0-1"]
[WhiteElo "1351"]
[BlackElo "1626"]
[PlyCount "67"]
[EventType "team-tourn"]
[EventRounds "9"]
[EventCountry "GER"]
[WhiteTeam "SC Seehotel Binz-Therme Rügen"]
[BlackTeam "SV Motor Wolgast 1949"]
[WhiteTeamCountry "GER"]
[BlackTeamCountry "GER"]

1. Nf3 Nf6 2. d4 g6 3. Bf4 Bg7 4. Nbd2 d6 5. e4 O-O 6. c4 a6 7. Be2 c5 8. Be3
Qc7 9. h3 Nbd7 10. d5 Rb8 11. a4 e6 12. O-O exd5 13. exd5 b5 14. b3 Re8 15. Rb1
Ne4 16. Nxe4 Rxe4 17. Qc2 Nf6 18. Bd3 Re8 19. Rfe1 bxa4 20. bxa4 Bd7 21. Rxb8
Rxb8 22. Bd2 Qb6 23. Bc3 Qb3 24. Bxf6 Bxf6 25. Qxb3 Rxb3 26. Bf1 Bxa4 27. Nd2
Rb2 28. Ra1 Be8 29. Ne4 Bd4 30. Rxa6 f5 31. Nxd6 Rxf2 32. Nxe8 Ra2+ 33. Kh2
Rxa6 34. Nc7 0-1

[Event "Landesliga Ost MVP 2013-14"]
[Site "?"]
[Date "2014.02.23"]
[Round "6.1"]
[White "Windjaeger, Gerd"]
[Black "Scheel, Henrik"]
[Result "1/2-1/2"]
[WhiteElo "1893"]
[BlackElo "1901"]
[PlyCount "43"]
[EventType "team-tourn"]
[EventRounds "9"]
[EventCountry "GER"]
[WhiteTeam "SV Gryps"]
[BlackTeam "SV Rugia Bergen"]
[WhiteTeamCountry "GER"]
[BlackTeamCountry "GER"]

1. d4 d5 2. Nf3 Nf6 3. e3 Bg4 4. c4 Bxf3 5. Qxf3 e6 6. Nc3 c6 7. Bd3 Nbd7 8.
O-O Bb4 9. cxd5 cxd5 10. Bd2 O-O 11. a3 Ba5 12. Rac1 e5 13. dxe5 Nxe5 14. Qe2
d4 15. exd4 Qxd4 16. Bb1 Rfe8 17. Bg5 Neg4 18. Bxf6 Nxf6 19. Qf3 Bxc3 20. Qxc3
Qxc3 21. Rxc3 Rac8 22. Rxc8 1/2-1/2

[Event "Landesliga Ost MVP 2013-14"]
[Site "?"]
[Date "2014.02.23"]
[Round "6.2"]
[White "Pawlick, Helmut"]
[Black "Mauser, Tassilo Tino"]
[Result "0-1"]
[WhiteElo "1871"]
[BlackElo "1804"]
[PlyCount "58"]
[EventType "team-tourn"]
[EventRounds "9"]
[EventCountry "GER"]
[WhiteTeam "SV Rugia Bergen"]
[BlackTeam "SV Gryps"]
[WhiteTeamCountry "GER"]
[BlackTeamCountry "GER"]

1. e4 c5 2. Nf3 e6 3. d4 cxd4 4. Nxd4 Nc6 5. Nc3 a6 6. Be3 Qc7 7. Be2 Nf6 8.
O-O Bb4 9. f3 Ne5 10. Nb3 Nc4 11. Bxc4 Qxc4 12. Bd4 b5 13. a3 Be7 14. e5 Nd5
15. Ne4 Qc7 16. Nbc5 O-O 17. b4 f5 18. exf6 gxf6 19. Rc1 Qf4 20. Nd3 Qh6 21. c4
bxc4 22. Rxc4 Ne3 23. Qc1 Nf5 24. Qxh6 Nxh6 25. Nec5 Nf5 26. Bb2 Ne3 27. Rd4
Nxf1 28. Kxf1 d6 29. Ne4 e5 0-1

[Event "Landesliga Ost MVP 2013-14"]
[Site "?"]
[Date "2014.02.23"]
[Round "6.3"]
[White "Hollatz, Michael"]
[Black "Sommer, Stefan"]
[Result "1-0"]
[WhiteElo "1743"]
[BlackElo "1737"]
[PlyCount "119"]
[EventType "team-tourn"]
[EventRounds "9"]
[EventCountry "GER"]
[WhiteTeam "SV Gryps"]
[BlackTeam "SV Rugia Bergen"]
[WhiteTeamCountry "GER"]
[BlackTeamCountry "GER"]

1. e4 e5 2. Nf3 Nc6 3. Bc4 Nf6 4. d3 d6 5. c3 Bg4 6. Qb3 Qd7 7. Bxf7+ Kd8 8.
Bd5 Rb8 9. Ng5 Bh5 10. Bf7 Na5 11. Qa3 Nc6 12. Bxh5 Nxh5 13. Qb3 Ke8 14. Be3 h6
15. Qe6+ Qxe6 16. Nxe6 Kd7 17. Nxf8+ Rhxf8 18. Na3 Rf7 19. O-O-O g5 20. Rd2 a6
21. Nc2 Rf6 22. d4 Rbf8 23. b3 Nf4 24. Rg1 a5 25. h3 b6 26. Kb1 R6f7 27. Ne1
Re8 28. f3 Rb8 29. Nd3 Ng6 30. Rgd1 Re8 31. Nf2 Nf4 32. Nh1 Nh5 33. Bf2 Nf4 34.
Bg3 Rf6 35. Bh2 Nh5 36. Nf2 Nf4 37. Ng4 Rg6 38. Ne3 h5 39. Nf5 Rgg8 40. h4 gxh4
41. dxe5 Nxg2 42. exd6 Ne5 43. dxc7+ Kxc7 44. Rd5 Rg3 45. Nxg3 Nxf3 46. Nf1+
Kb7 47. Rxh5 Rxe4 48. Rh7+ Ka6 49. Bc7 Ng5 50. Rh6 Ne6 51. Bxb6 h3 52. Bc7 Kb7
53. Bh2 Re2 54. Rxh3 Nc5 55. Rh7+ Ka6 56. Rd6+ Kb5 57. a4+ Nxa4 58. bxa4+ Kxa4
59. Nd2 Ne3 60. Rd4+ 1-0

[Event "Landesliga Ost MVP 2013-14"]
[Site "?"]
[Date "2014.02.23"]
[Round "6.4"]
[White "Pawlowicz, Wolfgang"]
[Black "Giering, Nils"]
[Result "1-0"]
[WhiteElo "1755"]
[BlackElo "1617"]
[PlyCount "80"]
[EventType "team-tourn"]
[EventRounds "9"]
[EventCountry "GER"]
[WhiteTeam "SV Rugia Bergen"]
[BlackTeam "SV Gryps"]
[WhiteTeamCountry "GER"]
[BlackTeamCountry "GER"]

1. c4 Nf6 2. Nc3 e5 3. d3 d6 4. Nf3 Be6 5. g3 Be7 6. Bg2 Nc6 7. O-O Qd7 8. Ng5
O-O 9. Nxe6 fxe6 10. e4 Nd4 11. Be3 c5 12. Ne2 Rae8 13. Nxd4 cxd4 14. Bd2 d5
15. cxd5 exd5 16. Qb3 Rd8 17. Rac1 Kh8 18. exd5 Nxd5 19. Bxd5 Qxd5 20. Qxd5
Rxd5 21. Rc7 Bc5 22. Rxb7 Re8 23. h4 Bb6 24. a4 Ra8 25. a5 Bd8 26. Rc1 a6 27.
Rc6 h6 28. Re6 Kh7 29. Rxh6+ Kg8 30. Rg6 Bf6 31. Bg5 Rd6 32. Bxf6 Rxf6 33.
Rgxg7+ Kf8 34. Rh7 Kg8 35. Rhe7 Rf5 36. Kg2 Kf8 37. Rh7 Kg8 38. Rhg7+ Kf8 39.
Rg6 Ke8 40. Rg8+ Rf8 1-0

[Event "Landesliga Ost MVP 2013-14"]
[Site "?"]
[Date "2014.02.23"]
[Round "6.5"]
[White "Sadewasser, Lucie"]
[Black "Burwitz, Joerg"]
[Result "1/2-1/2"]
[WhiteElo "1431"]
[BlackElo "1673"]
[PlyCount "20"]
[EventType "team-tourn"]
[EventRounds "9"]
[EventCountry "GER"]
[WhiteTeam "SV Gryps"]
[BlackTeam "SV Rugia Bergen"]
[WhiteTeamCountry "GER"]
[BlackTeamCountry "GER"]

1. e4 c6 2. Nc3 d5 3. e5 Bf5 4. d3 e6 5. Nce2 c5 6. Ng3 Bg6 7. f4 Nc6 8. Nf3
Nh6 9. Be2 Be7 10. Nf1 O-O 1/2-1/2